000
00306nam a22001217a 4500
020
_a
978-81-89847-86-9
082
_a
510
_b
NIJ/M
100
_a
J.C.NIJHAWAN
245
_a
CBSE SECONDARY SCHOOL MATHEMATICS
_b
CLASS X
260
_a
DELHI
_b
P.P.PUBLICATIONS
_c
2018
650
_a
MATHS FOR CLASS X
_z
INDIA
942
_c
BK
999
_c
746
_d
746